[Event "Chennai op 5th"]
[Site "Chennai"]
[Date "2013.01.19"]
[Round "7"]
[White "Matta, Vinay Kumar"]
[Black "Murali Krishnan, BT."]
[Result "1/2-1/2"]
[WhiteElo "2182"]
[BlackElo "2320"]
[PlyCount "51"]
[EventDate "2013.01.16"]
[EventType "swiss"]
[EventRounds "11"]
[EventCountry "IND"]
[SourceTitle "CBM 152 Extra"]
[Source "ChessBase"]
[SourceDate "2013.02.25"]
[SourceVersion "1"]
[SourceVersionDate "2013.02.25"]
[SourceQuality "1"]

1. e4 e6 2. d4 d5 3. Nc3 dxe4 4. Nxe4 Bd7 5. Nf3 Bc6 6. Bd3 Nd7 7. 0-0 Be7 8. Re1 Ngf6 9. Ng3 0-0 10. Ne5 Nxe5 11. dxe5 Qd5 12. Bf1 Qxd1 13. Rxd1 Nd7 14. Re1 Rfd8 15. Bf4 Nb6 16. Rad1 Rxd1 17. Rxd1 Rd8 18. Rxd8+ Bxd8 19. c4 Be7 20. Be3 Nd7 21. f4 Bc5 22. Kf2 Kf8 23. b3 a5 24. h3 b6 25. Ne2 Bxe3+ 26. Kxe3 1/2-1/2